MisterMV - Assisté, financé - Paroles - Statistiques

Statistiques générales
  • Ce quiz a été pris 2 fois
  • Le résultat moyen est 74 sur 245
Statistiques - réponses
Réponses % Correct
a
100%
à
100%
Assisté !
100%
C'
100%
d'
100%
de
100%
Financé !
100%
l'
100%
La
100%
la
100%
Le
100%
le
100%
les
100%
s'
100%
aux
50%
Délivré...
50%
Délivré !
50%
en
50%
En
50%
est
50%
et
50%
froid
50%
Ici,
50%
il
50%
Il
50%
installé
50%
j'
50%
jamais !
50%
jamais
50%
Je
50%
je
50%
Libéré...
50%
Libéré !
50%
lui
50%
m'
50%
Me
50%
moi
50%
ne
50%
par
50%
Pas
50%
pas !
50%
plus
50%
Plus
50%
un
50%
vais.
50%
vais !
50%
y
50%
Adieu
0%
Adrien
0%
ai
0%
aime
0%
Angleterre
0%
Arnaqués !
0%
attention !
0%
beaux
0%
bien
0%
Bien
0%
blé
0%
Bogard,
0%
Bogard !
0%
boîte.
0%
brûle
0%
car
0%
cavé...
0%
certains
0%
ces
0%
choisi !
0%
chômage
0%
comme
0%
Comme
0%
décidé
0%
Délaissé !
0%
demain.
0%
depuis
0%
dis
0%
disent
0%
Eclypsia,
0%
Emploi !
0%
enfants,
0%
entre
0%
Extorqués !
0%
faire
0%
Fais
0%
fait
0%
finesse,
0%
fion
0%
Flamboyant.
0%
forains
0%
fort,
0%
Fortuné...
0%
gitans !
0%
GL
0%
glamour.
0%
Ignoré !
0%
Indigné...
0%
Julien
0%
JVC,
0%
Ken
0%
Lege.
0%
Leur
0%
liberté...
0%
longtemps !
0%
lourd.
0%
lutté
0%
manège !
0%
Marseille
0%
max
0%
mieux
0%
minceur,
0%
Minecraft
0%
MMC...
0%
mon
0%
Non,
0%
Nougaret...
0%
O'Gaming
0%
Ogar
0%
ont
0%
opés
0%
Oublié !
0%
Oui
0%
payer.
0%
PayPal.
0%
pense
0%
Pôle
0%
Pomf
0%
pour
0%
prix
0%
qu'
0%
Quand
0%
que
0%
qui
0%
quitte
0%
quittés
0%
Raph'
0%
rempli,
0%
remue
0%
Révolté...
0%
RSA,
0%
RSI.
0%
sa
0%
Sali,
0%
saucisse
0%
Séduit
0%
spé !
0%
streamerais
0%
streamers,
0%
Sur
0%
sur
0%
SWAG,
0%
Thierry,
0%
Thud,
0%
Tipee...
0%
tous
0%
travaillerais
0%
trop
0%
TV !
0%
Tweekz,
0%
TwitchTV
0%
URSSAF,
0%
vain.
0%
Verdier...
0%
veux
0%
vie
0%
viewers
0%
vis,
0%
voilà !
0%
vois
0%
Web
0%
Webedia.
0%
Aucun quiz correspondant
Distribution des résultats
% des personnes avec chaque résultat
Percentile par nombre de réponses
Votre historique - résultats
Vous n’avez pas pris ce quiz